000 02559nam a2200373 i 4500
003 DO-SdBNP
005 20251015142816.0
007 ta
008 250711b2025 dr ||||| |||| 00| 0 spa d
020 _a9789945942637
040 _aDO-SdBNP
_bspa
_cBNPHU
_erda
041 _aspa
082 4 _a325.217293
_bR426p
_222
110 1 _aRepública Dominicana.
_bInstituto de Dominicanos y Dominicanas en el Exterior
_988325
245 1 0 _aPolíticas públicas para la movilidad humana y la emigración :
_buna mirada desde la República Dominicana /
_cPresentación, Carlos De la Mota ; introducción, Pablo Asencio García.
264 4 _aSanto Domingo, República Dominicana :
_bInstituto de Dominicanos y Dominicanas en el Exterior,
_c©2025
300 _a92 páginas ;
_c23 cm.
336 _atexto
_btxt
_2rdacontent
337 _asin mediación
_bn
_2rdamedia
338 _avolumen
_bnc
_2rdacarrier
500 _aIncluye bibliografía al final de los capítulos
505 _aPresentación /
_rCarlos De la Mota --
_tIntroducción /
_rPablo Asencio García --
_tPasado, presente y futuro de la política hacia el dominicano residente en el exterior /
_rPablo Asencio García --
_tComportamiento del voto en el exterior en las elecciones dominicana (2004-2024) /
_rMario Gallego Cosme --
_rLissa Pérez Patrocino --
_tHacia un espacio común de educación superior para Latinoamérica, El Caribe y la Unión Europea /
_rPablo Asencio García --
_tRetos y oportunidades para libre movilidad de las personas en el ámbito del sistema de la integración centroamericana /
_rLissa Pérez Patrocino --
_rBryan Vásquez --
_rMario Gallego Cosme --
_tNomadismo digital y República Dominicana: Desafíos y oportunidades en la era del trabajo remoto --
_rMario Gallego Cosme --
_tAnexo 1: Fuentes de datos migratorios y sobre emigrantes radicados en los principales destinos de residencia de los dominicanos en el exterior /
_rAnnabelle Patricia Tarazona Paredes --
_t0
_r0
590 _aInventariado, 2025 /LP
650 0 _aPolítica gubernamental
_979140
_zRepública Dominicana
650 _aEmigración e Inmigración
_zRepública Dominicana
_985485
700 1 _aAsencio García, Pablo,
_eautor
_4aut.
_984116
700 1 _aCosme, Mario,
_eautor
_4aut.
_988326
700 1 _aPérez Patrocino, Lissa,
_eautor
_4aut.
_984114
700 1 _aPolanco Reynoso, Oscar,
_eautor
_4aut.
_988327
700 1 _aTarazona Paredes, Annabelle Patricia,
_eautor
_4aut.
_988328
700 1 _aVásquez, Bryan,
_eautor
_4aut.
_985489
910 _aLP. Validado. Control de calidad/ MAA
942 _2ddc
_cLBS1
999 _c59502
_d59502